=LDR 00000nam 2200000 4500 =001 INLIS000000000001138 =005 20130612085540 =008 ***********************************Ind** =035 ##$$0010-061300000001138 =041 ##$$a Ind =082 ##$$a 635.26 =090 ##$$a 636.26, Sug-b =100 ##$$a SUGIHARTO =245 ##$$a Budidaya tanaman bawang merah, Sugiharto =260 ##$$a 1992 $b Semarang =300 ##$$a x, 51 hlm, ilus, 21 cm =650 ##$$a Bawang =650 ##$$a Budidaya =850 ##$$a NBPNMAT =990 ##$$a 16181618 =990 ##$$a 20615624 =990 ##$$a 01201901618